[Event "GER-chT U20 Girls"]
[Site "Osnabrueck"]
[Date "2015.12.30"]
[Round "7.1"]
[White "Leinemann, Vivien Sophie"]
[Black "Lagunow, Elina"]
[Result "0-1"]
[WhiteElo "1468"]
[BlackElo "1750"]
[PlyCount "84"]
[EventDate "2015.12.27"]
[EventType "team-swiss"]
[EventRounds "7"]
[EventCountry "GER"]
[SourceTitle "EXT 2017"]
[Source "ChessBase"]
[SourceDate "2016.10.25"]
[SourceVersion "1"]
[SourceVersionDate "2016.10.25"]
[SourceQuality "1"]
[WhiteTeam "Hamburger SK"]
[BlackTeam "Weissensee Chemie U20 Girls"]
[WhiteTeamCountry "GER"]
[BlackTeamCountry "GER"]

1. e4 c5 2. Nf3 Nc6 3. d4 cxd4 4. Nxd4 g6 5. c4 Bg7 6. Be3 Nf6 7. Nc3 0-0 8. Be2 d6 9. 0-0 Bd7 10. Qd2 Rc8 11. Rfc1 a6 12. Rab1 Ne5 13. b3 Neg4 14. Bg5 Qb6 15. Bxg4 Nxg4 16. Nd5 Qxd4 17. Nxe7+ Kh8 18. Qxd4 Bxd4 19. Nxc8 Nxf2 20. Bf6+ Bxf6 21. Kxf2 Bd4+ 22. Kf1 Rxc8 23. Rd1 Be5 24. h3 Bc6 25. Re1 Re8 26. Rbd1 Bg3 27. Re3 Bf4 28. Re2 Bxe4 29. Kg1 f5 30. Ree1 Rc8 31. Kf2 d5 32. g3 Be5 33. cxd5 Rc2+ 34. Kf1 Bg2+ 35. Kg1 Bxg3 36. Re8+ Kg7 37. Re7+ Kf6 38. Rxh7 Bf3 39. Rb1 Bh2+ 40. Kf1 Bxd5 41. Rd1 Bg2+ 42. Ke1 Bg3# 0-1

[Event "GER-chT U20 Girls"]
[Site "Osnabrueck"]
[Date "2015.12.27"]
[Round "1.1"]
[White "Leinemann, Vivien Sophie"]
[Black "Peters, Theresa"]
[Result "0-1"]
[WhiteElo "1468"]
[BlackElo "1734"]
[PlyCount "60"]
[EventDate "2015.12.27"]
[EventType "team-swiss"]
[EventRounds "7"]
[EventCountry "GER"]
[SourceTitle "EXT 2017"]
[Source "ChessBase"]
[SourceDate "2016.10.25"]
[SourceVersion "1"]
[SourceVersionDate "2016.10.25"]
[SourceQuality "1"]
[WhiteTeam "Hamburger SK"]
[BlackTeam "Grimma"]
[WhiteTeamCountry "GER"]
[BlackTeamCountry "GER"]

1. e4 c5 2. Nf3 e6 3. d4 cxd4 4. Nxd4 a6 5. c4 Nf6 6. Nc3 Qc7 7. a3 Nc6 8. Be3 b6 9. Be2 Bb7 10. f3 Nh5 11. b4 Nf4 12. 0-0 Bd6 13. Kh1 Nxe2 14. Ndxe2 Ne5 15. Bf4 Nxc4 16. Bxd6 Qxd6 17. Qxd6 Nxd6 18. Rfd1 Nc4 19. Rd4 Ne5 20. Rad1 Bc6 21. Ng3 0-0 22. a4 b5 23. a5 Nc4 24. f4 Ne3 25. R1d2 f5 26. Re2 Ng4 27. h3 Nh6 28. Rf2 Rf7 29. Nce2 fxe4 30. Nxe4 Rf5 0-1

[Event "GER-chT Federal Cup (Women)"]
[Site "Braunfels"]
[Date "2015.06.04"]
[Round "1.6"]
[White "Leinemann, Vivien Sophie"]
[Black "Gheng, Hannelore"]
[Result "1-0"]
[WhiteElo "1425"]
[BlackElo "1643"]
[PlyCount "101"]
[EventDate "2015.06.04"]
[EventType "team-swiss"]
[EventRounds "5"]
[EventCountry "GER"]
[SourceTitle "CBM 167 Extra"]
[Source "ChessBase"]
[SourceDate "2015.09.14"]
[SourceVersion "1"]
[SourceVersionDate "2015.09.14"]
[SourceQuality "1"]
[WhiteTeam "Hamburg (W)"]
[BlackTeam "Wuerttemberg (W)"]
[WhiteTeamCountry "GER"]
[BlackTeamCountry "GER"]

1. e4 c5 2. Nf3 d6 3. d4 cxd4 4. Nxd4 Nf6 5. Nc3 g6 6. Be3 Bg7 7. f3 0-0 8. Qd2 Nc6 9. 0-0-0 d5 10. exd5 Nxd5 11. Nxc6 bxc6 12. Bd4 Nxc3 13. Qxc3 Bh6+ 14. Be3 Bxe3+ 15. Qxe3 Qa5 16. Kb1 Be6 17. b3 Rab8 18. Qd2 Qa3 19. h4 Rb4 20. Qc1 Qa5 21. g4 Rfb8 22. Qb2 c5 23. h5 c4 24. hxg6 fxg6 25. Bxc4 Bxc4 26. Rh2 Qc7 27. Rdh1 e5 28. Rxh7 Qxh7 29. Rxh7 Kxh7 30. Qxe5 R8b7 31. g5 R4b5 32. Qh2+ Kg8 33. Qd6 Bf7 34. a4 Rd5 35. Qc6 Rd1+ 36. Kb2 Rdd7 37. f4 Rdc7 38. Qd6 Rc4 39. Qa6 Rcb4 40. Qc6 Kh7 41. Qf3 a5 42. Qh3+ Kg7 43. Qc3+ Kf8 44. Qc5+ Ke8 45. Qxa5 Bxb3 46. cxb3 Rxb3+ 47. Kc2 R3b6 48. Qe5+ Kf7 49. Qd5+ Ke7 50. Qe5+ Re6 51. Qg7+ 1-0

[Event "GER-ch U18 Girls"]
[Site "Willingen"]
[Date "2015.05.27"]
[Round "6"]
[White "Leinemann, Vivien Sophie"]
[Black "Rahimi, Anita"]
[Result "0-1"]
[WhiteElo "1425"]
[BlackElo "1673"]
[PlyCount "100"]
[EventDate "2015.05.24"]
[EventType "swiss"]
[EventRounds "9"]
[EventCountry "GER"]
[SourceTitle "CBM 166 Extra"]
[Source "ChessBase"]
[SourceDate "2015.06.18"]
[SourceVersion "1"]
[SourceVersionDate "2015.06.18"]
[SourceQuality "1"]

1. e4 c5 2. Nf3 d6 3. d4 cxd4 4. Nxd4 Nc6 5. Be3 a6 6. Nc3 e5 7. Nb3 Be6 8. Qd2 Qc7 9. f3 Nf6 10. g4 h6 11. 0-0-0 Be7 12. Nd5 Bxd5 13. exd5 Na7 14. h3 Nc8 15. Bg2 Nb6 16. f4 exf4 17. Bxf4 Rc8 18. c3 0-0 19. g5 hxg5 20. Bxg5 Nc4 21. Qd3 Nh7 22. Bxe7 Qxe7 23. Be4 f5 24. Bf3 Qe3+ 25. Qxe3 Nxe3 26. Rdg1 Nf6 27. Rg3 f4 28. Rg6 Kh8 29. Nd4 Rf7 30. Rhg1 Nc4 31. Bg4 Nxg4 32. R6xg4 Rcc7 33. Ne6 f3 34. Nxc7 f2 35. Rf1 Ne3 36. Rxf2 Rxf2 37. Rg6 Rc2+ 38. Kb1 Rd2 39. a3 Nc4 40. Ne6 Rxb2+ 41. Kc1 Rb3 42. Rxg7 Rxc3+ 43. Kd1 Rxh3 44. Rxb7 Rxa3 45. Rb8+ Kh7 46. Ng5+ Kg6 47. Rg8+ Kf5 48. Nf7 Ke4 49. Rg6 Kxd5 50. Rg5+ Ne5 0-1

[Event "Hamburg-chB"]
[Site "Hamburg"]
[Date "2014.06.11"]
[Round "4"]
[White "Stepien, Tomasz"]
[Black "Leinemann, Vivien Sophie"]
[Result "0-1"]
[WhiteElo "1258"]
[BlackElo "1049"]
[PlyCount "62"]
[EventDate "2014.06.07"]
[EventType "swiss"]
[EventRounds "7"]
[EventCountry "GER"]
[SourceTitle "CBM 161 Extra"]
[Source "ChessBase"]
[SourceDate "2014.08.29"]
[SourceVersion "1"]
[SourceVersionDate "2014.08.29"]
[SourceQuality "1"]

1. d4 d5 2. c4 e6 3. Nc3 Nf6 4. e3 c5 5. Nf3 Nc6 6. a3 b6 7. Qc2 Be7 8. Bd3 dxc4 9. Bxc4 cxd4 10. Ne2 Bc5 11. b4 Bd6 12. Bb5 Bd7 13. Bxc6 d3 14. Bxd7+ Qxd7 15. Qxd3 Bxb4+ 16. Qd2 Bxd2+ 17. Bxd2 Ne4 18. Bb4 a5 19. Rd1 Qb7 20. Bd2 Nxd2 21. Rxd2 0-0 22. 0-0 Rfd8 23. Ned4 b5 24. Rfd1 b4 25. a4 Qb6 26. Ne5 f6 27. Nec6 Rd6 28. h3 Rxc6 29. Nxc6 Qxc6 30. Rd8+ Rxd8 31. Rxd8+ Kf7 0-1